Laufey "Bewitched: The Goddess Edition" Tracklist - Statistics

General Stats
  • This quiz has been taken 475 times
  • The average score is 14 of 18
Answer Stats
Number Length Answer % Correct
18 4:27 Goddess
91%
14 4:06 Bewitched
89%
10 2:49 From the Start
86%
15 3:33 Bored
85%
1 3:30 Dreamer
85%
9 3:54 Promise
79%
6 3:45 Lovesick
77%
7 3:36 California and Me
76%
3 3:20 Haunted
74%
2 3:24 Second Best
73%
13 4:22 Letter to My 13 Year Old Self
71%
8 2:24 Nocturne
70%
12 3:39 Serendipity
70%
16 2:51 Trouble
69%
17 2:07 It Could Happen to You
68%
5 2:57 While You Were Sleeping
68%
11 3:29 Misty
67%
4 3:04 Must Be Love
61%
No matching quizzes found
Score Distribution
Percent of People with Each Score
Percentile by Number Answered
Your Score History
You have not taken this quiz